| 000 | 00916 a2200229 4500 | ||
|---|---|---|---|
| 003 | UA-OsUOA | ||
| 005 | 20260302122304.0 | ||
| 008 | 260302b un ||||| |||| 00| 0 ukr d | ||
| 020 | _a966955585Х | ||
| 040 |
_bukr _cUA-OsUOA |
||
| 080 | _a81'374(038) | ||
| 090 |
_a81'374(038) _bС47 |
||
| 100 |
_aСліпушко О. М. _923325 |
||
| 245 |
_aТлумачний словник чужомовних слів в українській мові. Правопис. Граматика _b10000 слів _cО. М. Сліпушко |
||
| 260 |
_aК. _bКриниця _c1999 |
||
| 300 | _a512 с. | ||
| 490 | _aСучасні словники України | ||
| 650 |
_a81 Лінгвістика. Мовознавство. Мови _91918 |
||
| 942 |
_cBK _2udc |
||
| 955 | _a7 | ||
| 999 |
_c579734 _d579734 |
||